000 00663nam a2200277Ia 4500
005 20260324131538.0
008 008 260324s9999 xx 000 0 eng d
020 _a9780203003732
037 _aEBOOK
040 _aCRL
040 _beng
040 _cCRL
041 _2eng
041 _aeng
084 _qCRL
100 _aWilliam Morgan; Jennifer Hargreaves; Ian McDonald
_91185910
245 0 _aWhy Sports Morally Matter
260 _bTaylor and Francis
260 _c2006
365 _a
365 _b255
856 _uhttp://www.taylorfrancis.com/books/9780203003732
942 _cEBOOK
999 _c1783180
_d1783180